Subdivision of estates in Malaya. 1951-60. V 3; V 1 (Record no. 19984)

MARC details
000 -LEADER
fixed length control field 00304nam a2200109Ia 4500
082 ## - DEWEY DECIMAL CLASSIFICATION NUMBER
Classification number 631.96(595.01)
Item number AZI.3
100 ## - MAIN ENTRY--AUTHOR NAME
Personal name Aziz, Ungku
245 #0 - TITLE STATEMENT
Title Subdivision of estates in Malaya. 1951-60. V 3; V 1
260 ## - PUBLICATION, DISTRIBUTION, ETC. (IMPRINT)
Place of publication University of Malaya
Year of publication 1962
942 ## - ADDED ENTRY ELEMENTS (KOHA)
Koha item type Books
Holdings
Withdrawn status Lost status Damaged status Not for loan Collection code Home library Current library Date acquired Cost, normal purchase price Full call number Accession Number Koha item type
        Official use RRII Library RRII Library 16/12/2021 29.20 631.96(595.01) AZI.3 00712 Books